[Event "Traffic op"]
[Site "Buenos Aires"]
[Date "1992.??.??"]
[Round "3"]
[White "Panno, Oscar"]
[Black "Restifa, Hector"]
[Result "1-0"]
[WhiteElo "2465"]
[BlackElo "2320"]

1.Nf3 Nf6 2.c4 c5 3.Nc3 g6 4.e4 Bg7 5.d4 cxd4 6.Nxd4 O-O 7.Be2 Nc6 8.Be3 d6
9.O-O Bd7 10.Qd2 Nxd4 11.Bxd4 Bc6 12.Bd3 a5 13.b3 e5 14.Be3 Ng4 15.Be2 Nxe3
16.Qxe3 f5 17.Rad1 Rf6 18.Nd5 Bxd5 19.Rxd5 b6 20.Bf3 Rb8 21.Rfd1 Qc7 22.Rb5 f4
23.Qd3 Bf8 24.Bg4 h5 25.Bh3 Kg7 26.Qd5 f3 27.g3 Be7 28.Rd3 Rh8 29.Re3 Rhf8
30.Qd1 Bd8 31.Rd5 Qe7 32.Rdd3 g5 33.Bf5 g4 34.h3 h4 35.Bxg4 hxg3 36.fxg3 f2+
37.Kf1 b5 38.c5 Qa7 39.Rd5 b4 40.Bf5 Qa6+ 41.Kxf2 Be7 42.Qg4+  1-0

[Event "Traffic op"]
[Site "Buenos Aires"]
[Date "1992.??.??"]
[Round "3"]
[White "Valerga, Diego"]
[Black "Ricardi, Pablo"]
[Result "0-1"]
[WhiteElo "2325"]
[BlackElo "2465"]

1.c4 Nf6 2.Nc3 e6 3.Nf3 c5 4.g3 b6 5.Bg2 Bb7 6.O-O Be7 7.b3 O-O 8.d4 cxd4
9.Qxd4 a6 10.Rd1 Nc6 11.Qf4 b5 12.Ne5 Qc8 13.cxb5 axb5 14.Bb2 Nxe5 15.Bxb7 Qxb7
16.Qxe5 d5 17.e4 b4 18.Na4 dxe4 19.Rd4 Rfd8 20.Rad1 Rxd4 21.Rxd4 h6 22.Nc5 Qb5
23.Rc4 Rxa2 24.Nxe4 Qxe5 25.Bxe5 Nd5 26.Nd6 f6 27.Rc8+ Kh7  0-1

[Event "Labor Day op2"]
[Site "CAN"]
[Date "1992.??.??"]
[Round "1"]
[White "Southam, David"]
[Black "Hergott, Deen"]
[Result "0-1"]
[WhiteElo "2270"]
[BlackElo "2410"]

1.Nf3 Nf6 2.c4 c5 3.Nc3 g6 4.d4 cxd4 5.Nxd4 Bg7 6.e4 O-O 7.Be2 Nc6 8.Be3 d6
9.Nc2 Be6 10.O-O Rc8 11.Rc1 Qa5 12.Bd2 Nd7 13.Nd5 Qd8 14.b3 Nc5 15.f3 f5
16.exf5 gxf5 17.Bg5 Kh8 18.Qd2 a5 19.Nf4 Bf7 20.Ne3 Qd7 21.Ned5 Rce8 22.Nc3 Rg8
23.Nd3 Qe6 24.Nxc5 dxc5 25.f4 Bd4+ 26.Kh1 Be3 27.Qb2 Bxc1 28.Rxc1 Nd4 29.Bf3 Nxf3
30.gxf3 h6 31.Nd5+ Kh7 32.Bxe7 Bh5 33.Qc3 Rxe7  0-1

[Event "Candas op"]
[Site "Candas"]
[Date "1992.??.??"]
[Round "2"]
[White "Urday, Henry"]
[Black "Vilar Lopez, Monica"]
[Result "1-0"]
[WhiteElo "2480"]
[BlackElo "2230"]

1.c4 c5 2.Nc3 Nf6 3.Nf3 d5 4.cxd5 Nxd5 5.e4 Nb4 6.d3 N8c6 7.a3 Na6 8.Be3 e5
9.Be2 Be7 10.O-O Be6 11.Rc1 O-O 12.Nd2 Bg5 13.Na4 Bxe3 14.fxe3 Qg5 15.Rf3 Bg4
16.Rg3 Bxe2 17.Qxe2 Qe7 18.Nb3 Rac8 19.Naxc5 Na5 20.Nxa5 Nxc5 21.b4 Ne6 22.Rd1 Rfd8
23.Qb2 f6 24.Rf3 Qd7 25.Rff1 b6 26.Nc4 Kh8 27.Qb3 Ng5 28.Nb2 Qg4 29.Rde1 Rc7
30.Nd1 Rdc8 31.Nf2 Qd7 32.Ra1 Rc3 33.Qd5 Qa4 34.h4  1-0

[Event "Cannes op"]
[Site "Cannes"]
[Date "1992.??.??"]
[Round "?"]
[White "Bennis, Zakaria"]
[Black "Hmadi, Slaheddine"]
[Result "1/2-1/2"]
[WhiteElo "2280"]
[BlackElo "2330"]

1.c4 c5 2.Nf3 Nf6 3.Nc3 e6 4.d4 cxd4 5.Nxd4 d5 6.Bg5 e5 7.Ndb5 a6 8.Qa4 Bd7
9.cxd5 Qb6 10.Be3 Bxb5 11.Bxb6 Bxa4 12.Nxa4 Bb4+ 13.Kd1 Nbd7 14.Rc1 Nxd5
15.Bc5 Nxc5 16.Nxc5 Rd8 17.Nd3 e4 18.Nxb4 Nxb4+ 19.Ke1 Nxa2 20.Rc4 O-O 21.Rxe4 Rc8
22.Ra4 Rfd8 23.f4 Nc1 24.h4 Rc2 25.Rh3 Rxb2 26.Rc3 Rb1 27.Kf2 g6 28.g4 Re8
29.f5 Kg7 30.e4 Nb3 31.g5  1/2-1/2

[Event "JUG-chT"]
[Site "Cetinje"]
[Date "1992.??.??"]
[Round "?"]
[White "Umanskaya, Irina"]
[Black "Litinskaya, Marta I"]
[Result "1/2-1/2"]
[WhiteElo "2340"]
[BlackElo "2330"]

1.Nf3 c5 2.c4 Nf6 3.Nc3 b6 4.g3 Bb7 5.Bg2 g6 6.b3 Bg7 7.Bb2 O-O 8.O-O Na6
9.Rc1 d5 10.Nxd5 Nxd5 11.Bxg7 Kxg7 12.cxd5 Qxd5 13.d4 cxd4 14.Nh4 Qd7 15.Bxb7 Qxb7
16.Qxd4+ Kg8 17.Rfd1 Rac8 18.Nf3 Rxc1 19.Rxc1 Rc8 20.Rxc8+ Qxc8 21.Ne5 Nc5
22.Qd5 Ne6 23.Qc6 Qd8 24.Qd7 Qc7 25.Qxc7 Nxc7 26.Kf1 f6 27.Nd7 Kf7 28.Nb8  1/2-1/2

[Event "JUG-chT"]
[Site "Cetinje"]
[Date "1992.??.??"]
[Round "?"]
[White "Pajkovic, Vladimir"]
[Black "Konjevic, Djordje"]
[Result "1-0"]
[WhiteElo "2425"]
[BlackElo "2365"]

1.Nf3 Nf6 2.c4 g6 3.Nc3 c5 4.e4 Nc6 5.d4 cxd4 6.Nxd4 Bg7 7.Be3 Ng4 8.Qxg4 Nxd4
9.Qd1 Ne6 10.Rc1 d6 11.Be2 Qa5 12.O-O Bd7 13.Qd2 Bc6 14.Rfd1 O-O 15.Nd5 Qxd2
16.Rxd2 Rae8 17.b4 b6 18.f4 Bh6 19.g3 Kh8 20.Kf2 Ng7 21.g4 f6 22.h4 Ne6 23.Kg3 Rf7
24.Rc3 Nd8 25.b5 Bb7 26.g5 fxg5 27.hxg5 Bg7 28.Ra3 Bxd5 29.cxd5 e6 30.dxe6 Nxe6
31.Rxd6 Bf8 32.Rxe6 Rxe6 33.Bd4+ Bg7 34.Bc4 Rxe4 35.Bxf7 Bxd4 36.Rxa7 Bc5
37.Bb3 Re8 38.Rd7 Rf8 39.Kf3 h6 40.gxh6 g5 41.Bf7 gxf4 42.Kxf4 Ba3 43.Kf5 Bb4
44.Kg6  1-0

[Event "JUG-chT"]
[Site "Cetinje"]
[Date "1992.??.??"]
[Round "?"]
[White "Cabrilo, Goran"]
[Black "Velickovic, Sasa"]
[Result "1-0"]
[WhiteElo "2515"]
[BlackElo "2365"]

1.Nf3 Nf6 2.c4 c5 3.Nc3 g6 4.d4 Bg7 5.e4 d6 6.Be2 O-O 7.O-O Na6 8.Rb1 Bg4
9.Be3 cxd4 10.Nxd4 Bxe2 11.Qxe2 Nc5 12.f3 a5 13.Rfd1 Nfd7 14.Rbc1 Re8 15.Ndb5 Ra6
16.b3 Rc6 17.Qd2 Ne6 18.f4 Ndc5 19.Qe2 Qb8 20.Nd5 b6 21.Qf3 Nd8 22.Bd4 e5
23.Bxc5 dxc5 24.f5 gxf5 25.exf5 Rh6 26.Nbc7 Nc6 27.Nxe8 Qxe8 28.f6 Bf8 29.Nc7 Qc8
30.Qxc6  1-0

[Event "JUG-chT"]
[Site "Cetinje"]
[Date "1992.??.??"]
[Round "?"]
[White "Masic, Ljubomir"]
[Black "Todorovic, Goran M"]
[Result "0-1"]
[WhiteElo "2300"]
[BlackElo "2455"]

1.c4 Nf6 2.Nf3 c5 3.Nc3 e6 4.g3 d5 5.cxd5 exd5 6.d4 Nc6 7.Bg2 Be7 8.O-O O-O
9.Bg5 cxd4 10.Nxd4 h6 11.Be3 Re8 12.a3 Be6 13.Kh1 Qd7 14.f4 Bh3 15.Qd3 Rad8
16.Rad1 Bf8 17.Bg1 Na5 18.Qb5 Bxg2+ 19.Kxg2 Nc4 20.Qb3 Ng4 21.Nc2 Qc6 22.Rf3 Na5
23.Qa2 Rxe2+ 24.Nxe2 Qxc2 25.Re1 Re8 26.Kf1 Rxe2 27.Qxd5 Rxe1+ 28.Kxe1 Qc1+  0-1

[Event "JUG-chT"]
[Site "Cetinje"]
[Date "1992.??.??"]
[Round "?"]
[White "Masic, Ljubomir"]
[Black "Cabrilo, Goran"]
[Result "0-1"]
[WhiteElo "2300"]
[BlackElo "2515"]

1.c4 Nf6 2.Nf3 c5 3.Nc3 b6 4.d4 cxd4 5.Nxd4 Bb7 6.f3 d6 7.e4 e6 8.Be2 Be7
9.O-O O-O 10.Be3 Nbd7 11.Qd2 a6 12.Rac1 Qc7 13.b4 Rac8 14.a3 Qb8 15.Rfd1 Bd8
16.Qe1 Ne5 17.Qf1 h6 18.Kh1 Bc7 19.Bg1 Rfe8 20.Na4 Rcd8 21.Nb3 Ba8 22.Qf2 Ned7
23.Bd3 Bb7 24.Nb2 Qa8 25.Bb1 Rc8 26.Nd4 Red8 27.Qh4 Qb8 28.Qh3 Re8 29.Re1 Ne5
30.Qh4 Ba8 31.Qf2 Ned7 32.Qf1 Bb7 33.Qf2 Bd8 34.h3 Bc7 35.Bh2 Qa8 36.Qd2 Rcd8
37.Nd1 Bb8 38.Ne3 Ne5 39.Qb2 Ng6 40.Ba2 Nh5 41.Ng4 Nhf4 42.Qd2 Nh5 43.Bb1 Kh7
44.Qf2 Ba7 45.b5 Bb8 46.e5 dxe5 47.Nxe5 Bxe5 48.Bxe5 Rd7 49.bxa6 Bxa6 50.g4 Nf6
51.Qe3 Qd8 52.Ne2 Kg8 53.Bxg6 fxg6 54.Nf4 Bb7 55.Rc3 g5 56.Ne2 Rf7 57.Ng1 Nd7
58.Rd1 Qc8 59.Bd6 e5 60.Kh2 Re6 61.Bb4 e4 62.fxe4 Qc7+  0-1

[Event "Chalkidiki"]
[Site "Chalkidiki"]
[Date "1992.??.??"]
[Round "2"]
[White "Lautier, Joel"]
[Black "Ulibin, Mikhail"]
[Result "1-0"]
[WhiteElo "2580"]
[BlackElo "2570"]

1.c4 c5 2.Nf3 Nf6 3.Nc3 e6 4.d4 cxd4 5.Nxd4 d5 6.cxd5 Nxd5 7.Bd2 Be7 8.e4 Nxc3
9.Bxc3 O-O 10.Be2 b6 11.O-O Bb7 12.Qc2 Nd7 13.Rfd1 Qc7 14.Nb5 Qc6 15.Qd3 Rfd8
16.Qg3 Nf6 17.Rdc1 Rdc8 18.b3 Ba6 19.Bb2 Qe8 20.Bxf6 Bxf6 21.Nd6 Bxa1 22.Rxa1 Bxe2
23.Nxe8 Rxe8 24.Rc1 Bb5 25.Qe5 Rec8 26.Rc7 Be8 27.h3 b5 28.Qc5 Rxc7 29.Qxc7 a5
30.a3 a4 31.b4 Kf8 32.e5 h6 33.h4 Ra6 34.Qc5+ Kg8 35.Qc8  1-0

[Event "CSR-chT"]
[Site "CSR"]
[Date "1992.??.??"]
[Round "?"]
[White "Smejkal, Jan"]
[Black "Gross, Stefan"]
[Result "1/2-1/2"]
[WhiteElo "2535"]
[BlackElo "2385"]

1.Nf3 c5 2.c4 Nf6 3.Nc3 d5 4.cxd5 Nxd5 5.e4 Nxc3 6.dxc3 Qxd1+ 7.Kxd1 Nc6
8.Kc2 e6 9.Bf4 Be7 10.Nd2 f6 11.Bg3 Kf7 12.Nc4 Rd8 13.a4 e5 14.a5 Be6 15.Be2 Ke8
16.Ne3 Rac8 17.Bc4 Bxc4 18.Nxc4 Rd7 19.Rhd1 Rb8 20.f3 g6 21.Bf2 Nd8 22.g3 Ne6
23.Be3 Rbd8 24.Rxd7 Kxd7 25.f4 exf4 26.gxf4 Kc6 27.Rg1 Bf8 28.h4 Bh6 29.f5 Bxe3
30.Nxe3 gxf5 31.exf5 Nf4 32.Rg7 Rd7 33.Rg8 Nd5 34.Rc8+ Rc7 35.Re8 Nxe3+ 36.Rxe3 Kb5
37.Re6 Rf7 38.a6 b6 39.h5 Kxa6 40.h6 Kb5 41.Re8 Kc4 42.Rd8 Re7 43.b3+ Kb5
44.Rd6 c4 45.bxc4+ Kxc4 46.Rxf6 Re2+ 47.Kd1 Rh2 48.Rc6+ Kd5 49.Rc7 Rxh6 50.Rxa7 Rf6
51.Rxh7 Rxf5 52.Kc2  1/2-1/2

[Event "USA-op"]
[Site "Dearborn"]
[Date "1992.??.??"]
[Round "11"]
[White "Ibragimov, Ildar"]
[Black "Stone, Raymond"]
[Result "0-1"]
[WhiteElo "2540"]
[BlackElo "2355"]

1.c4 Nf6 2.Nc3 c5 3.Nf3 e6 4.e3 Nc6 5.d4 d5 6.a3 cxd4 7.exd4 Be7 8.Bd3 dxc4
9.Bxc4 O-O 10.O-O b6 11.Re1 Bb7 12.Ba2 Qd6 13.Be3 Rfd8 14.Qe2 Bf8 15.Rad1 Ne7
16.Bg5 Ned5 17.Ne5 Re8 18.Bb1 Be7 19.Qd3 Nxc3 20.bxc3 g6 21.Qh3 Nh5 22.Bc1 Bf8
23.c4 Qc7 24.Ba2 Bg7 25.Qe3 Nf6 26.Bb2 Rad8 27.Bb3 Nd7 28.Ng4 Nf6 29.Ne5 Nd7
30.f4 Rc8 31.Nf3 Bxf3 32.Qxf3 Nc5 33.Ba2 Nb7 34.Rc1 Red8 35.Red1 Nd6 36.Qf2 Nf5
37.Kh1 Rd6 38.Bb1 Ne7 39.a4 Rcd8 40.d5 Bxb2 41.Qxb2 exd5 42.cxd5 Rxd5 43.Rf1 Qd7
44.Qb3 Nf5 45.Rfe1 Rd4 46.a5 bxa5 47.Rc4 Rd1 48.Rc1 Rxc1 49.Rxc1 Qd2 50.Rf1 Ne3
51.Rg1 Ng4 52.Rf1 Qe2 53.Qf3 Qxf3 54.gxf3 Rd1 55.Kg1 Ne3  0-1

[Event "EU-chT (Men)"]
[Site "Debrecen"]
[Date "1992.??.??"]
[Round "4"]
[White "Morris, Charles F"]
[Black "Gomez Esteban, Juan Mario"]
[Result "1/2-1/2"]
[WhiteElo "2225"]
[BlackElo "2425"]

1.c4 Nf6 2.Nc3 c5 3.Nf3 e6 4.g3 b6 5.Bg2 Bb7 6.O-O Be7 7.d4 cxd4 8.Qxd4 O-O
9.Rd1 Nc6 10.Qf4 Qc8 11.b3 Rd8 12.Ng5 Na5 13.e4 h6 14.Nh3 d6 15.Ba3 Qb8 16.Qe3 Bf8
17.Rd2 Bc6 18.Rad1 Nb7 19.b4 Rc8 20.Bb2 Be8 21.Qe2 a6 22.f4 Qc7 23.e5 dxe5
24.fxe5 Nh7 25.a3 Rab8 26.Bf1 Rd8 27.Rxd8 Rxd8 28.Rxd8 Nxd8 29.Qe4 Nc6 30.Ne2 a5
31.b5 Bc5+ 32.Kh1 Nb8 33.Nd4 Nf8 34.Nf4 Be7 35.Bd3 Bd7 36.Qe2 Bc8 37.Be4 Bb7
38.Bxb7 Qxb7+ 39.Qg2 Qc7 40.Nc6 Bc5 41.Nd3 Nbd7 42.Qe4 Ng6 43.a4 Ne7 44.Nxc5 Nxc5
45.Nxe7+ Qxe7 46.Ba3 Qc7 47.Qc6 Qxe5 48.Bxc5 bxc5 49.b6 Qe1+ 50.Kg2 Qe2+
51.Kg1  1/2-1/2

[Event "EU-chT (Men)"]
[Site "Debrecen"]
[Date "1992.??.??"]
[Round "9"]
[White "Rayner, Francis"]
[Black "Galego, Luis"]
[Result "1/2-1/2"]
[WhiteElo "2270"]
[BlackElo "2405"]

1.c4 Nf6 2.Nc3 c5 3.Nf3 e6 4.d4 cxd4 5.Nxd4 Be7 6.e4 d6 7.Be2 a6 8.O-O O-O
9.Be3 Nbd7 10.Qd2 Qc7 11.Rac1 b6 12.Rfd1 Bb7 13.f3 Rac8 14.Bf1 Qb8 15.Qf2 Rfe8
16.a3 Bd8 17.Kh1 Ne5 18.b3 Bc7 19.Bg5 Bd8 20.Qd2 Be7 21.Na4 Ba8 22.Nc3 Red8
23.Qe1 Qc7 24.f4 Ned7 25.Nf3 Nc5 26.Nd2 h6 27.Bh4 Re8 28.b4 Ncd7 29.Be2 Nf8
30.Bf3 Ng6 31.Bg3 Bf8 32.Qe3 Red8 33.Na4 Rb8 34.Bf2 Nd7 35.g3 Bc6 36.Nc3 Qa7
37.h4 Be7 38.h5 Ngf8 39.Kg2 Qa8 40.a4 a5 41.b5 Bb7 42.Nb3 Rbc8 43.Qe2 Nh7
44.Nb1 Nhf6 45.N1d2 Re8 46.Kh2 e5 47.f5 Nh7 48.Re1 Ng5 49.Bg2 Nc5 50.Nxc5 dxc5
51.Nb1 Rcd8 52.Nc3 Nh7 53.Nd5 Bxd5 54.exd5 Bg5 55.Rcd1 Nf6 56.Be4 Qb8 57.Qf3 Re7
58.Re2 Ne8 59.Rc2 Qd6 60.Kg2 Qf6 61.Rh1 Nd6 62.Rf1 Rf8 63.Be1 Ree8 64.Qd3 Re7
65.Bc3 Ne8 66.Rcf2 Qd6 67.Qf3 Nf6 68.Bb2 Ree8 69.Bc3 Re7 70.Bb2 Rd8 71.Bc3 Kf8
72.Bb2 Ke8 73.Bc3 Kd7 74.Rh1 Rf8 75.Rhf1 Ne8 76.Bb2 Nf6 77.Bc3 Ree8 78.Bb2 Kc7
79.Bc3  1/2-1/2

[Event "Dortmund op-A"]
[Site "Dortmund"]
[Date "1992.??.??"]
[Round "2"]
[White "Sher, Miron N"]
[Black "Stoll, Alexander"]
[Result "1-0"]
[WhiteElo "2475"]
[BlackElo "2255"]

1.c4 Nf6 2.Nc3 c5 3.Nf3 d5 4.cxd5 Nxd5 5.e3 Nc6 6.Qc2 e6 7.a3 Be7 8.Ne4 Qb6
9.d3 Bd7 10.Be2 O-O 11.O-O Rac8 12.Rb1 e5 13.b3 f6 14.Bb2 Be6 15.Ned2 Qd8
16.Rbc1 Qd7 17.Qb1 Rfd8 18.Bd1 Kh8 19.Bc2 Bg8 20.Kh1 b6 21.Rg1 Nc7 22.g4 Rf8
23.Rg3 Bd6 24.Ne4 Ne6 25.Rcg1 Bb8 26.Rh3 g6 27.Qa1 Qg7 28.Nfd2 Rce8 29.Rhg3 Ned8
30.Bc3 Bd5 31.f3 Re7 32.b4 cxb4 33.axb4 b5 34.R3g2 Nb7 35.Bb3 Bxb3 36.Nxb3 Rd8
37.Qa6 Rc7 38.Qxb5 Nd6 39.Nxd6 Rxd6 40.Nc5 Rd8 41.Ne6  1-0

[Event "Dortmund op-A"]
[Site "Dortmund"]
[Date "1992.??.??"]
[Round "5"]
[White "Pekarek, Ales"]
[Black "Koerholz, Ludger"]
[Result "1-0"]
[WhiteElo "2455"]
[BlackElo "2255"]

1.Nf3 Nf6 2.c4 g6 3.Nc3 c5 4.d4 cxd4 5.Nxd4 Nc6 6.e4 d6 7.Be2 Nxd4 8.Qxd4 Bg7
9.Be3 O-O 10.Qd2 Be6 11.f3 a6 12.O-O Qa5 13.Rab1 Rfc8 14.Rfc1 b5 15.b4 Qd8
16.cxb5 axb5 17.Bxb5 Ra3 18.Bd4 h5 19.Bf1 Rca8 20.Rc2 Kh7 21.Re1 Bh6 22.Qf2 Nd7
23.f4 f6 24.Nd5 Rb8 25.b5 Bf7 26.Nb4 Rba8 27.e5 Qg8 28.exd6 exd6 29.Re7 Nc5
30.Nd5 Bg7 31.Nxf6+ Bxf6 32.Bxf6 R8a7 33.Rce2 Rd7 34.b6 Qf8 35.Qxc5 dxc5
36.Rxd7 Ra8 37.Ree7 Kg8 38.b7 Rb8 39.Be5 Bxa2 40.Rg7+ Qxg7 41.Rxg7+  1-0

[Event "Dortmund op-A"]
[Site "Dortmund"]
[Date "1992.??.??"]
[Round "7"]
[White "Mikhalchishin, Adrian"]
[Black "Stangl, Markus"]
[Result "1-0"]
[WhiteElo "2530"]
[BlackElo "2465"]

1.Nf3 Nf6 2.c4 c5 3.Nc3 e6 4.e3 d5 5.d4 Nc6 6.a3 a6 7.dxc5 Bxc5 8.b4 Bd6
9.cxd5 exd5 10.Bb2 O-O 11.Be2 Bg4 12.O-O Rc8 13.Rc1 Bb8 14.Na4 Qd6 15.g3 Ne4
16.Nc5 Nxc5 17.Rxc5 Rfd8 18.Nd4 Bxe2 19.Qxe2 Nxd4 20.Bxd4 Qe6 21.Rd1 Bd6
22.Rxc8 Rxc8 23.Bb2 Be7 24.Qd3 Rd8 25.Rc1 h5 26.h4 Rd6 27.Qc3 Bf6 28.Qc8+ Qxc8
29.Rxc8+ Rd8 30.Rc2 d4 31.Bxd4 Bxd4 32.exd4 Rxd4 33.Rc8+ Kh7 34.Rc7 f6 35.Rxb7 Rd3
36.a4 a5 37.bxa5 Rd4 38.a6 Rxa4 39.a7 Kh6 40.Kf1 g5 41.Ke2 Ra3 42.Kd2 Kg6
43.Kc2 gxh4 44.gxh4 Kf5 45.Kb2 Ra6 46.Kb3 Ra1 47.Rc7 Ra6 48.Kb4  1-0

[Event "Dortmund op-A"]
[Site "Dortmund"]
[Date "1992.??.??"]
[Round "9"]
[White "Boensch, Uwe"]
[Black "Ftacnik, Lubomir"]
[Result "1/2-1/2"]
[WhiteElo "2500"]
[BlackElo "2550"]

1.Nf3 Nf6 2.c4 c5 3.Nc3 e6 4.e3 Nc6 5.d4 d5 6.cxd5 exd5 7.dxc5 Bxc5 8.Be2 O-O
9.O-O a6 10.b3 d4 11.Na4 Ba7 12.exd4 Nxd4 13.Nxd4 Bxd4 14.Bb2 Bxb2 15.Nxb2 Be6
16.Bf3 Bd5 17.Nc4 Bxf3 18.Qxf3 Qd5 19.Qxd5 Nxd5 20.Rfd1 Nb4 21.a3 Nc2 22.Rac1 Rfd8
23.Rxd8+ Rxd8 24.Kf1 Nd4 25.Rd1 Kf8 26.b4 g6 27.Na5  1/2-1/2

[Event "Espoo op"]
[Site "Espoo"]
[Date "1992.??.??"]
[Round "?"]
[White "Hakulinen, Esko Matti"]
[Black "Sorri, Kari Juhani"]
[Result "1/2-1/2"]
[WhiteElo "2310"]
[BlackElo "2340"]

1.Nf3 Nf6 2.c4 c5 3.Nc3 g6 4.d4 cxd4 5.Nxd4 Bg7 6.g3 O-O 7.Bg2 Nc6 8.O-O Nxd4
9.Qxd4 d6 10.Qd3 a6 11.Bf4 Nd7 12.Qd2 Rb8 13.Rac1 Ne5 14.b3 b6 15.Rfd1 Bb7
16.Nd5 Bxd5 17.Qxd5 Qc7 18.h3 Rbc8 19.Be3 Nd7 20.Qd2 a5 21.Bd5 Nc5 22.h4 h5
23.Bg5 Kh7 24.Bg2 Rb8 25.Qd5 Bh6 26.Rc3 Bxg5 27.hxg5 Rbd8 28.f4 Ne6 29.e3 Ng7
30.Rcd3 Qc8 31.Kh2 Qg4 32.Bf3 Qc8 33.Kg2 Qc5 34.g4 Qxd5 35.Rxd5 hxg4 36.Bxg4 Ne8
37.Re5 e6 38.Bf3 Rb8 39.Re4 Kg7 40.Red4 Rc8 41.R4d2 Rc7 42.Rb1 Rh8 43.Be2 Kf8
44.b4 a4 45.a3 Ke7 46.Rbd1 f6 47.gxf6+ Kxf6 48.Rh1  1/2-1/2

[Event "FRA-chT"]
[Site "?"]
[Date "1992.??.??"]
[Round "?"]
[White "Fayard, Alain"]
[Black "Bouhallel, Rabah"]
[Result "0-1"]
[WhiteElo "2265"]
[BlackElo "2230"]

1.Nf3 Nf6 2.c4 e6 3.Nc3 c5 4.g3 b6 5.Bg2 Bb7 6.O-O Be7 7.b3 O-O 8.Bb2 d6
9.Qc2 Nbd7 10.Rad1 a6 11.e3 b5 12.d3 Qb6 13.Qb1 Rfe8 14.Qa1 Bf8 15.h3 d5
16.Ne2 a5 17.g4 h6 18.a4 bxa4 19.bxa4 dxc4 20.dxc4 Rab8 21.Bc3 Qa6 22.Nf4 Be7
23.h4 Qa8 24.Ne1 Red8 25.g5 Ne8 26.g6 Nf8 27.gxf7+ Kxf7 28.h5 Bf6 29.Bxf6 Nxf6
30.Bxb7 Qxb7 31.Ned3 Qc7 32.Rb1 N8d7 33.Rb5 e5 34.Ng6 Rxb5 35.cxb5 Re8 36.Qa2+ c4
37.Rc1 Nb6 38.Qa1 Nxh5 39.Ndxe5+ Kg8 40.Qd4 Re6 41.Rd1 Nf6 42.Qd8+ Qxd8 43.Rxd8+ Ne8
44.f4 c3 45.Kf2 c2 46.Nd3 Rxg6 47.Rxe8+ Kf7 48.Re4 Rd6 49.Rd4 Rxd4 50.exd4 Ke6
51.Ke3 Nc4+ 52.Ke4 Nd2+ 53.Ke3 Nb3 54.f5+ Kd6 55.Kf4 c1=Q+ 56.Nxc1 Nxc1 57.Kg4 Nb3
58.Kh5 Nxd4 59.Kg6 Kc5 60.Kxg7 Nxf5+ 61.Kg6 Nd4 62.Kxh6 Nxb5 63.Kg5 Nc3 64.Kf4 Kd4  0-1

[Event "FRA-chT"]
[Site "?"]
[Date "1992.??.??"]
[Round "?"]
[White "Lautier, Joel"]
[Black "Sokolov, Andrei"]
[Result "1-0"]
[WhiteElo "2580"]
[BlackElo "2565"]

1.Nf3 Nf6 2.c4 c5 3.Nc3 b6 4.e4 d6 5.d4 cxd4 6.Nxd4 Bb7 7.Qe2 Nbd7 8.g3 Rc8
9.Bg2 a6 10.O-O e6 11.Re1 Ne5 12.f4 Nxc4 13.b3 Na5 14.Bb2 Nc6 15.Nxc6 Rxc6
16.Nd5 Rc8 17.Nxf6+ gxf6 18.Rad1 h5 19.h4 Be7 20.Bf3 Rg8 21.Kh2 f5 22.Rg1 Bxh4
23.Kh3 Rg4 24.exf5 Bxg3 25.f6 Bxf3 26.Qxf3 Rc2 27.Rxg3 Rxb2 28.Qc6+ Kf8 29.Qc3 Rxa2
30.Rxd6 Qe8 31.Qd3  1-0

[Event "Fuerteventura op"]
[Site "Fuerteventura"]
[Date "1992.??.??"]
[Round "?"]
[White "Pina, Ulises"]
[Black "Ostos, Julio"]
[Result "1-0"]
[WhiteElo "2355"]
[BlackElo "2285"]

1.Nf3 Nf6 2.c4 c5 3.Nc3 g6 4.d4 Bg7 5.d5 O-O 6.e4 e6 7.Bd3 d6 8.h3 Na6 9.O-O Nc7
10.a4 a6 11.Bg5 h6 12.Be3 Rb8 13.e5 dxe5 14.Bxc5 exd5 15.Bxf8 Kxf8 16.Nxe5 d4
17.Ne2 Nd7 18.Nxd7+ Bxd7 19.Qd2 Ne6 20.b4 a5 21.Nf4 axb4 22.Qxb4+ Kg8 23.Nxe6 Bxe6
24.Rfe1 Kh7 25.a5  1-0

[Event "Gausdal Int"]
[Site "Gausdal"]
[Date "1992.??.??"]
[Round "1"]
[White "Anstad, Tor"]
[Black "Gipslis, Aivars"]
[Result "0-1"]
[WhiteElo "2305"]
[BlackElo "2465"]

1.Nf3 Nf6 2.c4 c5 3.Nc3 e6 4.g3 b6 5.Bg2 Bb7 6.O-O Be7 7.d4 cxd4 8.Qxd4 O-O
9.Rd1 Nc6 10.Qf4 Qb8 11.b3 Rd8 12.Qxb8 Raxb8 13.Bf4 Rbc8 14.Ne5 d6 15.Nxc6 Bxc6
16.e4 a6 17.a4 Ne8 18.Rd3 Rb8 19.Rad1 g5 20.Be3 Kf8 21.f3 Rdc8 22.Bd4 b5
23.axb5 axb5 24.cxb5 Bxb5 25.Nxb5 Rxb5 26.Bc3 Rcb8 27.Rb1 Nf6 28.Bxf6 Bxf6
29.Rxd6 Rxb3 30.Rxb3 Rxb3 31.Rd2 Be5 32.Kf2 h5 33.Bf1 Bc3 34.Rc2 Ke7 35.Kg2 Bd4
36.Be2 Kf6 37.Rd2 Rb4 38.Ra2 Rb1 39.Bf1 g4 40.f4 e5 41.fxe5+ Kxe5 42.Ra5+ Kxe4
43.Rxh5 f5 44.Rg5 Be3 45.Rh5 Ra1 46.h3 Ra2+ 47.Kh1 Kf3 48.hxg4 fxg4 49.Rf5+ Kxg3
50.Bg2 Bf4 51.Bf1 Rh2+  0-1

[Event "Gausdal Int"]
[Site "Gausdal"]
[Date "1992.??.??"]
[Round "2"]
[White "Engqvist, Thomas"]
[Black "Stein, Bernd"]
[Result "1/2-1/2"]
[WhiteElo "2390"]
[BlackElo "2370"]

1.Nf3 c5 2.c4 Nf6 3.Nc3 d5 4.cxd5 Nxd5 5.e4 Nb4 6.Bb5+ N8c6 7.d4 cxd4 8.a3 Bd7
9.axb4 dxc3 10.bxc3 a6 11.Be2 e6 12.Be3 Be7 13.O-O O-O 14.Nd2 Qc7 15.Nc4 Na7
16.Bb6 Qc6 17.Bxa7 Rxa7 18.Ne5 Qxe4 19.Nxd7 Rd8 20.Nc5 Qe5 21.Qc2 Bxc5 22.bxc5 Qxc5
23.Rfd1 Rc8 24.Rd7 g6 25.Rad1 b5 26.h4 h5 27.R1d6 Rxd7 28.Rxd7 Qc6 29.Rd3 b4
30.c4 a5 31.Rg3 Kf8 32.Rg5 a4 33.Qb2 b3 34.Ra5 Kg8 35.Rb5 Qe4 36.Bf1 Ra8
37.Qa3 Qb1 38.c5 Qa2 39.Qb4 Qc2 40.Qa3 Qa2 41.Qb4 Qc2 42.Qa3  1/2-1/2

[Event "Gausdal Int"]
[Site "Gausdal"]
[Date "1992.??.??"]
[Round "5"]
[White "Gausel, Einar"]
[Black "Gipslis, Aivars"]
[Result "1/2-1/2"]
[WhiteElo "2485"]
[BlackElo "2465"]

1.Nf3 Nf6 2.c4 c5 3.Nc3 e6 4.g3 b6 5.Bg2 Bb7 6.O-O Be7 7.Re1 d6 8.e4 a6 9.d4 cxd4
10.Nxd4 Qc7 11.Be3 Nbd7 12.Rc1 O-O 13.f4 Rfe8 14.g4 g6 15.g5 Nh5 16.f5 exf5
17.Nxf5 Bf8 18.Nd5 Qd8 19.Rf1 Ne5 20.Nxb6 Rb8 21.Rc2 Bc6 22.Nd5 Rb7 23.Ng3 Bxd5
24.Nxh5 Bxc4 25.Nf6+ Kh8 26.Nxe8 Qxe8 27.Rf6 Be6 28.Bd4 Kg8 29.b3 a5 30.Qf1 a4
31.Bxe5 dxe5 32.Qa6 axb3 33.axb3 Rxb3 34.Qc6 Qxc6 35.Rxc6 Be7  1/2-1/2

[Event "Peer Gynt"]
[Site "Gausdal"]
[Date "1992.??.??"]
[Round "9"]
[White "Kourkounakis, Ilias"]
[Black "Grotnes, Nils"]
[Result "1-0"]
[WhiteElo "2400"]
[BlackElo "2345"]

1.c4 Nf6 2.Nc3 c5 3.Nf3 e6 4.g3 d5 5.cxd5 Nxd5 6.Bg2 Nc6 7.O-O Be7 8.Nxd5 exd5
9.d4 O-O 10.b3 cxd4 11.Bb2 Bf5 12.Nxd4 Nxd4 13.Bxd4 Qa5 14.a3 Rfd8 15.b4 Qa6
16.e3 Rac8 17.Qb3 Rc4 18.Rfc1 b5 19.Qb2 Bf8 20.Qd2 Rd7 21.Bf1 Rxc1 22.Rxc1 Bd6
23.Bb2 Qb7 24.Qc3 f6 25.Qc6 a6 26.Qxb7 Rxb7 27.Bg2 Be4 28.Rc6 Bxg2 29.Kxg2 Bc7
30.Rxa6 Kf7 31.Bd4 f5 32.h3 g6 33.g4 fxg4 34.hxg4 Bb8 35.g5 Ke7 36.Bc5+ Kd7
37.f4 Kc8 38.Kf3 Rd7 39.Ke2 Bc7 40.Ra7 Kb8 41.Bb6 Re7 42.Kd3 Re6 43.Rxc7 Rxb6
44.Rxh7 Ra6 45.Kd4 Rxa3 46.f5  1-0

[Event "Geraardsbergen op"]
[Site "Geraardsbergen"]
[Date "1992.??.??"]
[Round "7"]
[White "Claesen, Pieter"]
[Black "Roofdhooft, Marcel"]
[Result "1-0"]
[WhiteElo "2300"]
[BlackElo "2305"]

1.c4 Nf6 2.Nc3 c5 3.Nf3 g6 4.g3 Bg7 5.Bg2 O-O 6.d4 cxd4 7.Nxd4 Nc6 8.Nc2 d6
9.O-O Bd7 10.b3 Rb8 11.Bb2 a6 12.Nd5 Ne5 13.Bxe5 dxe5 14.Nxf6+ Bxf6 15.Ne3 e6
16.Ng4 Bg7 17.Qd6 e4 18.Rad1 Bc6 19.Qc5 Qc7 20.Bxe4 f5 21.Bxc6 fxg4 22.Rd7 Qxc6
23.Qe7 Qxd7 24.Qxd7 Rfe8 25.Rd1 Bf8 26.Qc7  1-0

[Event "BL2-N9192"]
[Site "Germany"]
[Date "1992.??.??"]
[Round "?"]
[White "Heilemann, Manfred"]
[Black "Hargens, Thomas"]
[Result "1/2-1/2"]
[WhiteElo "2280"]
[BlackElo "2270"]

1.Nf3 Nf6 2.c4 c5 3.Nc3 b6 4.g3 Bb7 5.Bg2 g6 6.O-O Bg7 7.d4 cxd4 8.Nxd4 Bxg2
9.Kxg2 Qc8 10.Qd3 O-O 11.b3 Qb7+ 12.Qf3 Qxf3+ 13.exf3 Nc6 14.Nxc6 dxc6 15.Be3 Rfd8  1/2-1/2

[Event "BL2-O9192"]
[Site "Germany"]
[Date "1992.??.??"]
[Round "?"]
[White "Boehlig, Heinz"]
[Black "Rother, Christoph"]
[Result "0-1"]
[WhiteElo "2315"]
[BlackElo "2320"]

1.Nf3 c5 2.c4 Nf6 3.Nc3 e6 4.g3 Be7 5.Bg2 O-O 6.O-O a6 7.b3 Qc7 8.Bb2 Rd8
9.d4 cxd4 10.Nxd4 d6 11.Rc1 Nbd7 12.Qc2 Nf8 13.Rfd1 Rb8 14.Na4 Bd7 15.c5 Bxa4
16.cxd6 Qxc2 17.Rxc2 Rxd6 18.bxa4 e5 19.Ba3 Rxd4 20.Rxd4 Bxa3 21.Rd3 Bb4
22.Rb3 a5 23.a3 Bd6 24.Rcc3 e4 25.f3 Ne6 26.Kf1 b6 27.fxe4 Nc5 28.Rb5 Ng4
29.h3 Ne5 30.Rc2 Kf8 31.Rb1 Ke7 32.Rd1 Nxa4 33.Rd5 Nc5 34.Kf2 f6 35.Bf3 Ne6
36.a4 Nc5 37.Ra2 Nc6 38.e5 Nxe5 39.Bg2 Rc8 40.Rad2 Rd8 41.Ra2 Nc6 42.Rb2 Nb4
43.Rdd2  0-1

[Event "BL2-N9192"]
[Site "Germany"]
[Date "1992.??.??"]
[Round "?"]
[White "Pritchett, Craig William"]
[Black "Stettler, Michael"]
[Result "0-1"]
[WhiteElo "2355"]
[BlackElo "2365"]

1.Nf3 Nf6 2.c4 e6 3.Nc3 c5 4.g3 Nc6 5.Bg2 d5 6.cxd5 Nxd5 7.O-O Be7 8.d4 O-O
9.Nxd5 exd5 10.dxc5 Bxc5 11.a3 Bb6 12.b4 Bf5 13.Bb2 Re8 14.Rc1 Be4 15.Qd2 Qe7
16.Rfe1 Rad8 17.e3 f6 18.Bd4 Bxd4 19.exd4 Qd7 20.Re3 Ne7 21.Nh4 Bxg2 22.Kxg2 Nc8
23.Rec3 Nd6 24.Rc7 Qe6 25.Nf3 Nc4 26.Qf4 Qb6 27.Rc5 Nxa3 28.Qf5 g6 29.Qf4 Nc4
30.h4 Qd6 31.Qxd6 Rxd6 32.Re1 Rxe1 33.Nxe1 Rd7 34.Nd3 b6 35.Rc8+ Kf7 36.Nf4 Nd6
37.Rh8 Kg7 38.Ra8 Nb5 39.h5 Nxd4 40.hxg6 hxg6 41.Nd3 g5 42.g4 Kf7 43.f4 gxf4
44.Nxf4 Nc6 45.Nd3 Ne5 46.Nf2 d4 47.Rc8 Ke6 48.Kg3 d3 49.Rc1 Rd4 50.Rb1 Kd5
51.b5 d2  0-1